[Event "ROU-ch Men 2018"]
[Site "Olanesti"]
[Date "2018.05.21"]
[Round "8"]
[White "Ciorgovean, Iustin"]
[Black "Posedaru, Bogdan"]
[Result "0-1"]
[WhiteElo "2169"]
[BlackElo "2307"]
[Annotator "TA"]
[PlyCount "120"]
[EventDate "2018.??.??"]
[EventType "swiss"]
[EventCountry "ROU"]
[SourceTitle "playchess.com"]
[Source "ChessBase"]
[SourceQuality "1"]

{[%evp 18,120,33,35,41,25,39,39,44,49,87,93,93,90,145,66,70,42,58,65,126,131,277,277,279,270,278,276,260,256,346,16,33,8,8,8,8,8,8,7,24,22,24,24,24,24,28,30,36,36,39,29,31,8,8,12,18,-8,0,-41,-41,-41,-43,-1287,-1192,-29954,-2545,-29965,-29958,-29965,-29966,-29964,-29965,-29960,-29961,-29967,-29962,-29951,-29949,-29958,0,-29961,0,-29961,-29960,-29956,-29963,-29941,-7210,-29945,-29937,-7547,-7040,-29983,-29984,-29985,-29986,-29986,-29987,-29987,-29988,-29988,-29989,-29989,-29990]} 1. d4 d5 2. c4 e6 3. Nf3 c6 4. e3 Bd6 5. Bd3 f5 6. O-O Nf6 7. b3 Qe7 8. Bb2 O-O 9. Nc3 {A84: Dutch Defence: 2 c4 Miscellaneous} b6 10. Rc1 {LiveBook: 6 Games} Ne4 11. cxd5 $146 {White is slightly better.} ({Predecessor:} 11. Ne2 Bb7 12. Ne5 c5 13. cxd5 exd5 14. f3 Ng5 15. Ng3 g6 16. f4 Bxe5 17. dxe5 {1-0 (47) Gelfand,B (2743)-Ponomariov,R (2714) Beijing 2014}) 11... exd5 12. Ne2 Bb7 13. Ne5 Bxe5 14. dxe5 Nd7 15. f4 c5 {[#]} (15... Rad8 $142) 16. Nc3 ({White should try} 16. g4 $1 $16 {[%mdl 512]}) 16... Nxc3 $14 17. Bxc3 Rf7 18. g4 $36 {[%mdl 2048] White is pushing.} fxg4 (18... g5 $1 $14) 19. Qxg4 $16 {And now Qh3 would win.} Nf6 (19... Re8 $16 {might work better.} 20. Qg3 g6) 20. Qh3 $1 $18 Re8 21. Ba1 ({Don't do} 21. exf6 $6 Qxe3+ 22. Qxe3 Rxe3 $16) 21... Ne4 22. Bxe4 $1 dxe4 {[#]} 23. f5 $1 g6 24. fxg6 $2 (24. Qg2 $18) 24... Rf3 $11 25. Qxh7+ Qxh7 26. gxh7+ Kxh7 27. Rxf3 exf3 $14 {[%mdl 4096] Endgame KRB-KRB} 28. Kf2 Rg8 {Strongly threatening ...Rg2+.} 29. Rg1 Rxg1 30. Kxg1 $11 {KB-KB} Bd5 31. Kf2 Kg6 32. e6 a5 33. Bc3 Bc6 34. Be5 b5 35. Bc7 a4 36. bxa4 bxa4 37. a3 c4 38. Ba5 Kf6 39. Bc3+ Kxe6 40. h4 $2 {[%mdl 8192]} (40. e4 $15) 40... Kf5 $19 41. h5 Kg5 42. e4 Bxe4 43. Ke3 Kxh5 44. Be1 Bd5 45. Kd4 Kg4 46. Ke3 Kh3 47. Kf2 Be4 48. Ke3 Bd5 49. Kf2 $1 Kg4 50. Ke3 $1 Bf7 51. Ke4 Bg6+ 52. Ke3 Bd3 53. Bf2 Bf1 54. Be1 {[#]} Be2 $1 {[%cal Re2d3]} 55. Kd4 Kh3 {Black mates.} 56. Kc3 Kg2 57. Kb4 f2 58. Bxf2 Kxf2 59. Kxa4 Ke3 60. Kb4 Kd2 {Precision: White = 50%, Black = 62%.} 0-1

[Event "ROU-ch Men 2018"]
[Site "Olanesti"]
[Date "2018.05.21"]
[Round "8"]
[White "Pribeanu, Mihail-Dacian"]
[Black "Stanciu, Alexandru-Ovidiu"]
[Result "1-0"]
[WhiteElo "2119"]
[BlackElo "2363"]
[Annotator "TA"]
[PlyCount "59"]
[EventDate "2018.??.??"]
[EventType "swiss"]
[EventCountry "ROU"]
[SourceTitle "playchess.com"]
[Source "ChessBase"]
[SourceQuality "1"]

{[%evp 14,59,-16,-21,-16,-27,-23,-48,-74,-53,-67,-45,16,32,16,-108,-110,-58,-63,-77,-5,-39,-35,-15,0,-64,-70,-72,-69,-59,-56,-60,-41,-46,-52,-49,-53,-48,-54,-64,-26,-31,41,46,40,12,148,148]} 1. Nf3 c5 2. g3 Nc6 3. Bg2 g6 4. O-O Bg7 5. e4 d6 6. Re1 e5 {B50: Sizilianisch (Verschiedenes mit 2...d6)} (6... Nf6 7. c3 O-O 8. d4 Bg4 9. dxc5 dxc5 10. Qc2 Nd7 11. h3 Bxf3 12. Bxf3 e6 13. Bg2 a6 14. Be3 Rc8 15. Nd2 Qe7 16. f4 {½-½ (27) Svidler,P (2749)-Topalov,V (2752) Astana 2012}) 7. Nc3 Nge7 8. d3 {LiveBook: 3 Partien} O-O {Die Stellung ist ausgeglichen.} 9. Nd2 $146 ({Vorgänger:} 9. Nd5 h6 10. a3 f5 11. Rb1 Nxd5 12. exd5 Ne7 13. c4 g5 14. b4 {1-0 (69) Banikas,H (2572)-Kravtsiv,M (2549) Beijing 2008}) 9... f5 10. Nc4 f4 11. Nb5 Be6 12. Nbxd6 f3 (12... Qc7 $15 13. gxf4 exf4) 13. Bxf3 $11 Nd4 $1 {[%cal Rd4f3]} (13... Bxc4 $2 14. Nxc4 b5 15. Ne3 $18) 14. Bg4 (14. Bg2 $11 Qd7 15. a4) 14... Bxg4 $17 15. Qxg4 b5 $36 {[%mdl 2048] Schwarz drückt.} 16. Nxb5 $1 (16. Nb7 $2 Qc7 $19) 16... Nxb5 (16... Nf3+ $17 17. Kh1 Nxe1 18. Qe6+ Kh8) 17. Qe6+ Rf7 {[#] Droht ...Sd4 und aus.} 18. Be3 ({Nicht} 18. Nxe5 $2 Bxe5 19. Qxe5 Nd4 $19) 18... Rc8 19. Nxe5 ({Günstiger ist} 19. Qa6 $11 Nd4 20. Nd6) 19... Bxe5 $15 20. Qxe5 Nc6 21. Qd5 ({Aber nicht} 21. Qxc5 $2 Ncd4 $19) 21... Nbd4 22. Qxd8+ Rxd8 23. Bxd4 $1 Nxd4 24. Red1 Nxc2 25. Rac1 Nb4 26. Rxc5 Rd4 ({Natürlich nicht} 26... Nxa2 $6 27. d4 $14) 27. Rc4 Rfd7 (27... Rxc4 $15 28. dxc4 Nxa2) 28. Rxd4 $14 Rxd4 29. a3 Rxd3 (29... Nxd3 $11 30. Kf1 Rd7) 30. Rc1 {Precision: Weiß = 61%, Schwarz = 48%.} 1-0

[Event "ROU-ch Men 2018"]
[Site "Olanesti"]
[Date "2018.05.21"]
[Round "8"]
[White "Chima, Radu-Niculin"]
[Black "Sava, Bogdan"]
[Result "1/2-1/2"]
[WhiteElo "2095"]
[BlackElo "2099"]
[Annotator "NA RC"]
[PlyCount "40"]
[EventDate "2018.??.??"]
[EventType "swiss"]
[EventCountry "ROU"]
[SourceTitle "playchess.com"]
[Source "ChessBase"]
[SourceQuality "1"]
[TimeControl "40/5400+30:1800+30"]

1. e4 {[%emt 0:00:00]} e5 {[%emt 0:00:17]} 2. Nf3 {[%emt 0:00:00]} Nc6 {[%emt 0:00:06]} 3. Bc4 {[%emt 0:00:00]} Nf6 {[%emt 0:00:23]} 4. d3 {[%emt 0:00:00]} Bc5 {[%emt 0:00:30]} 5. O-O {[%emt 0:00:11]} O-O {[%emt 0:01:24]} 6. Bb3 {[%emt 0:01:48]} d6 {[%emt 0:00:24]} 7. c3 {[%emt 0:03:21]} a6 {[%emt 0:01:41]} 8. h3 {[%emt 0:00:56]} Ba7 {[%emt 0:01:24]} 9. Re1 {[%emt 0:00:24]} Ne7 {[%emt 0:00:47]} 10. Nbd2 {[%emt 0:00:22]} Ng6 {[%emt 0:00:23]} 11. Nf1 {[%emt 0:00:18]} h6 {[%emt 0:00:58]} 12. Ng3 {[%emt 0:00:48]} b5 {[%emt 0:01:24]} 13. a4 {[%emt 0:04:41]} Bd7 {[%emt 0:02:01]} 14. d4 {[%emt 0:01:17]} c5 {[%emt 0:07:47]} 15. axb5 {[%emt 0:06:10]} axb5 {[%emt 0:00:36]} 16. dxe5 {[%emt 0:04:44]} dxe5 {[%emt 0:00:25]} 17. Bd5 {[%emt 0:10:56]} Nxd5 {[%emt 0:00:14]} 18. Qxd5 {[%emt 0:02:32]} Qc7 {[%emt 0:03:43]} 19. Be3 {[%emt 0:05:12]} Be6 {[%emt 0:02:28]} 20. Qd2 {[%emt 0:01:59]} Rfd8 {[%emt 0:01:22]} 1/2-1/2

[Event "ROU-ch Men 2018"]
[Site "Olanesti"]
[Date "2018.05.21"]
[Round "8"]
[White "Albu, George"]
[Black "Berechet, Stefan-Mario"]
[Result "1-0"]
[WhiteElo "2038"]
[BlackElo "1879"]
[Annotator "NA"]
[PlyCount "119"]
[EventDate "2018.??.??"]
[EventType "swiss"]
[EventCountry "ROU"]
[SourceTitle "playchess.com"]
[Source "ChessBase"]
[SourceQuality "1"]
[TimeControl "40/5400+30:1800+30"]

1. d4 {[%emt 0:03:21]} d5 {[%emt 0:00:21]} 2. c4 {[%emt 0:00:07]} Bf5 {[%emt 0:00:03]} 3. Nc3 {[%emt 0:00:10]} e6 {[%emt 0:00:06]} 4. cxd5 {[%emt 0:00:30]} exd5 {[%emt 0:00:05]} 5. Qb3 {[%emt 0:00:30]} Nc6 {[%emt 0:00:04]} 6. Qa4 {[%emt 0:18:33]} Qd7 {[%emt 0:01:31]} 7. a3 {[%emt 0:03:13]} Nf6 {[%emt 0:03:06]} 8. Bf4 $11 {[%emt 0:05:19]} Bd6 {[%emt 0:01:57]} 9. Bxd6 {[%emt 0:03:53]} Qxd6 {[%emt 0:00:07]} 10. Nf3 {[%emt 0:00:17]} O-O {[%emt 0:00:17]} 11. Rc1 {[%emt 0:01:56]} a6 {[%emt 0:00:43]} 12. b4 {[%emt 0:06:18]} Rfe8 {[%emt 0:08:38]} 13. e3 {[%emt 0:02:20]} Na7 {[%emt 0:08:51]} 14. Qb3 {[%emt 0:01:45]} b5 {[%emt 0:03:24]} 15. Be2 {[%emt 0:02:26]} Nc8 {[%emt 0:00:34]} 16. Bxb5 {[%emt 0:08:35]} axb5 {[%emt 0:02:37]} 17. Nxb5 {[%emt 0:00:50]} Qa6 {[%emt 0:04:55]} 18. Nxc7 {[%emt 0:02:27]} Qxa3 {[%emt 0:00:08]} 19. Qxa3 {[%emt 0:00:09]} Rxa3 {[%emt 0:00:01]} 20. Nxe8 {[%emt 0:00:14]} Nxe8 {[%emt 0:00:03]} 21. O-O {[%emt 0:01:54]} Ned6 {[%emt 0:01:47]} 22. Rc5 {[%emt 0:02:43]} Nb6 {[%emt 0:02:09]} 23. Rc6 {[%emt 0:09:14]} Ndc4 {[%emt 0:01:51]} 24. Ne5 {[%emt 0:00:49]} Rb3 {[%emt 0:03:30]} 25. Nxc4 {[%emt 0:04:51]} Nxc4 {[%emt 0:00:07]} 26. e4 {[%emt 0:02:42]} Bd7 {[%emt 0:01:05]} 27. Rc7 {[%emt 0:02:20]} Nb6 {[%emt 0:00:37]} 28. Rb7 {[%emt 0:00:12]} Rxb4 {[%emt 0:00:03]} 29. Rb8+ {[%emt 0:00:11]} Bc8 {[%emt 0:00:28]} 30. Rc1 {[%emt 0:00:10]} Kf8 {[%emt 0:01:45]} 31. Rcxc8+ {[%emt 0:02:33]} Ke7 {[%emt 0:02:09]} 32. Rb7+ {[%emt 0:00:40]} Kd6 {[%emt 0:00:11]} 33. e5+ {[%emt 0:00:07]} Ke6 {[%emt 0:00:04]} 34. Rc6+ {[%emt 0:00:09]} Kf5 {[%emt 0:00:02]} 35. Rcxb6 {[%emt 0:00:20]} Rxd4 {[%emt 0:00:08]} 36. Rxf7+ {[%emt 0:00:23]} Kxe5 {[%emt 0:00:04]} 37. g3 {[%emt 0:00:14]} Rd1+ {[%emt 0:00:03]} 38. Kg2 {[%emt 0:00:05]} d4 {[%emt 0:00:03]} 39. Rxg7 {[%emt 0:00:37]} d3 {[%emt 0:00:04]} 40. Rxh7 {[%emt 0:00:00]} d2 {[%emt 0:00:04]} 41. Rd7 {[%emt 0:00:30]} Ke4 {[%emt 0:00:21]} 42. Rbd6 {[%emt 0:01:36]} Re1 {[%emt 0:00:18]} 43. Rxd2 {[%emt 0:00:08]} Kf5 {[%emt 0:00:07]} 44. R2d5+ {[%emt 0:00:13]} Ke6 {[%emt 0:00:04]} 45. R7d6+ {[%emt 0:00:08]} Ke7 {[%emt 0:00:04]} 46. Rb6 {[%emt 0:00:08]} Rc1 {[%emt 0:00:05]} 47. Rh5 {[%emt 0:00:05]} Kf8 {[%emt 0:00:12]} 48. Rb7 {[%emt 0:00:04]} Kg8 {[%emt 0:00:03]} 49. Ra5 {[%emt 0:00:15]} Rc8 {[%emt 0:00:05]} 50. h4 {[%emt 0:00:08]} Rf8 {[%emt 0:00:04]} 51. h5 {[%emt 0:00:06]} Kh8 {[%emt 0:00:06]} 52. Raa7 {[%emt 0:00:05]} Re8 {[%emt 0:00:06]} 53. g4 {[%emt 0:00:07]} Rc8 {[%emt 0:00:03]} 54. Kg3 {[%emt 0:00:04]} Rc3+ {[%emt 0:00:04]} 55. f3 {[%emt 0:00:04]} Rc8 {[%emt 0:00:03]} 56. g5 {[%emt 0:00:16]} Rd8 {[%emt 0:00:05]} 57. Kg4 {[%emt 0:00:04]} Re8 {[%emt 0:00:05]} 58. f4 {[%emt 0:00:05]} Rd8 {[%emt 0:00:03]} 59. h6 {[%emt 0:00:05]} Rd7 {[%emt 0:00:22]} 60. Rxd7 {[%emt 0:00:09]} 1-0

[Event "ROU-ch Men 2018"]
[Site "Olanesti"]
[Date "2018.05.21"]
[Round "8"]
[White "Coca, Cristi-Iulian"]
[Black "Ciobanu, Viorel-Adrian"]
[Result "1-0"]
[WhiteElo "2003"]
[BlackElo "2196"]
[Annotator "TA"]
[PlyCount "115"]
[EventDate "2018.??.??"]
[EventType "swiss"]
[EventCountry "ROU"]
[SourceTitle "playchess.com"]
[Source "ChessBase"]
[SourceQuality "1"]

{[%evp 23,115,23,19,23,35,7,149,130,129,130,117,133,137,122,138,131,118,101,101,99,130,123,160,120,146,133,150,154,164,125,172,167,191,104,164,163,162,156,132,133,147,121,124,97,108,104,104,99,136,96,117,93,178,185,181,98,86,85,89,95,94,78,71,76,82,82,122,118,245,245,241,148,157,124,125,71,173,175,186,188,175,175,149,104,95,104,319,297,29974,129,29975,29976,29967,6190]} 1. e4 e5 2. Nf3 Nc6 3. Bc4 Nf6 4. d3 Bc5 5. c3 a6 6. Bb3 Ba7 7. O-O O-O 8. Nbd2 {[%cal Bb1d2,Bd2f1,Bf1g3,Bg3h5][%mdl 32]} d6 9. h3 Kh8 {C54: Giuoco Piano: 4 c3 Nf6, main lines with 5 d4 and 5 d3} (9... Re8 10. Re1 Be6 11. Bc2 h6 12. Nf1 d5 13. exd5 Bxd5 14. Ng3 Qd7 15. Ne4 Nxe4 16. dxe4 Be6 17. Qxd7 Bxd7 18. a4 f6 19. Nd2 Be6 {½-½ (33) Onischuk,V (2637)-Anand,V (2782) Riadh 2017}) 10. Re1 Ng8 11. Nf1 f5 12. exf5 Bxf5 {LiveBook: 3 Games} 13. Be3 Qf6 14. Ng3 $146 ({Predecessor:} 14. N1h2 Bxe3 15. Rxe3 Rae8 16. Bd5 Nge7 17. Be4 {0-1 (31) Rullan,J-Decoppet,N (1733) Rosario 2017}) 14... Nce7 (14... Bxh3 $11 15. Bg5 (15. gxh3 Qxf3 16. Qxf3 Rxf3 $17) 15... Bxf2+ 16. Kxf2 Qxg5 17. gxh3 Nge7) 15. Nh5 Qg6 16. Nh4 Qe8 17. Bxa7 Rxa7 18. d4 Ng6 19. Nxf5 Rxf5 20. Ng3 Rf8 21. dxe5 dxe5 22. Ne4 $36 {[%mdl 2048] Black is under strong pressure.} Qe7 23. Qd2 a5 24. Rad1 Nf6 25. Ng5 Ra6 26. Qe3 Ne8 27. Nf3 Qf6 28. Kh1 ({White should try} 28. Rd5 $18) 28... a4 (28... Nd6 $16) 29. Bc2 $18 a3 30. b4 Rd6 31. Bxg6 Qxg6 32. Nxe5 Qf5 33. Nf3 Rxd1 34. Rxd1 {aiming for Rd8.} Nd6 35. Qe7 Qf7 36. Re1 h6 37. Kg1 Nb5 (37... Qxe7 $16 {was worth a try.} 38. Rxe7 Rf7) 38. Qxf7 Rxf7 {[%mdl 4096] Endgame KRN-KRN} 39. Re3 (39. Ne5 $1 $18 {[%cal Re5f7]} Rf6 40. Re3) 39... Rd7 $16 40. c4 Rd1+ 41. Kh2 Nd6 42. Rxa3 Nxc4 43. Rc3 b5 44. Kg3 Rb1 45. a3 $1 Nd6 (45... Rd1 $16) 46. Rxc7 $18 Rb3 47. Kf4 Rxa3 48. Rc6 Rd3 49. Ke5 ({White should play} 49. h4) 49... Nf7+ {[#]} (49... Nc4+ $16 50. Ke6 Rb3) 50. Kf5 $1 Kh7 51. Rb6 Nd6+ 52. Ke6 Ne8 53. Ke7 Nc7 {White must now prevent ...Nd5+.} 54. Rb7 Nd5+ $2 (54... Rc3 $16) 55. Kf8 Nxb4 $2 (55... Ra3 $18 56. Rxg7+ Kh8) 56. Rxg7+ Kh8 {[#]} 57. Ne5 $1 {[%cal Re5g6]} Rd8+ 58. Kf7 {Precision: White = 66%, Black = 41%.} 1-0

[Event "ROU-ch Men 2018"]
[Site "Olanesti"]
[Date "2018.05.21"]
[Round "8"]
[White "Iustin, Silviu"]
[Black "Raducanu, Andrei-Augustin"]
[Result "1-0"]
[WhiteElo "1962"]
[BlackElo "2063"]
[Annotator "NA"]
[PlyCount "120"]
[EventDate "2018.??.??"]
[EventType "swiss"]
[EventCountry "ROU"]
[SourceTitle "playchess.com"]
[Source "ChessBase"]
[SourceQuality "1"]
[TimeControl "40/5400+30:1800+30"]

1. e4 {[%emt 0:00:00]} d6 {[%emt 0:00:06]} 2. d4 {[%emt 0:00:00]} Nf6 {[%emt 0:00:05]} 3. Nc3 {[%emt 0:00:00]} g6 {[%emt 0:00:05]} 4. f4 {[%emt 0:00:00]} Bg7 {[%emt 0:00:05]} 5. Bd3 {[%emt 0:00:25]} O-O {[%emt 0:00:50]} 6. Nf3 {[%emt 0:00:21]} Na6 {[%emt 0:00:06]} 7. O-O {[%emt 0:00:55]} c5 {[%emt 0:00:15]} 8. d5 {[%emt 0:00:44]} Bg4 {[%emt 0:12:30]} 9. h3 {[%emt 0:01:41]} Bxf3 {[%emt 0:00:08]} 10. Qxf3 {[%emt 0:00:15]} Nb4 {[%emt 0:01:37]} 11. a3 {[%emt 0:11:25]} Nxd3 {[%emt 0:00:13]} 12. Qxd3 {[%emt 0:00:09]} a6 {[%emt 0:22:26]} 13. a4 {[%emt 0:00:43]} b6 {[%emt 0:00:58] B09: Pirc-Ufimzew-Verteidigung (Dreibauernangriff)} (13... Qc7 14. Be3 Rfe8 15. Rae1 Rad8 16. Bf2 Qa5 17. Ra1 Nd7 18. Ra3 Rc8 19. Qf3 Rb8 20. Rb1 Qc7 21. Nd1 {½-½ (65) Yu,R (2538)-Tkachiev,V (2659) Fujairah 2012}) 14. Bd2 {[%emt 0:01:38]} Qc7 {[%emt 0:02:02]} 15. Rae1 $146 {[%emt 0:01:21]} ({Vorgänger:} 15. Qc4 Qb7 16. e5 Nd7 17. exd6 exd6 18. f5 Rae8 19. Qh4 Bf6 20. Bg5 Bxg5 21. Qxg5 {½-½ (33) Turqueza,M (2181)-Garcia,J (2344) Tagaytay City 2011}) 15... c4 {[%emt 0:01:46]} 16. Qf3 {[%emt 0:04:52]} Nd7 {[%emt 0:03:58]} 17. Kh1 {[%emt 0:13:48]} Rfb8 {[%emt 0:04:11]} 18. Nd1 {[%emt 0:02:06]} b5 {[%emt 0:09:53]} 19. axb5 {[%emt 0:00:22]} axb5 {[%emt 0:02:48]} 20. Bc3 {[%emt 0:00:26]} Bxc3 {[%emt 0:02:15]} 21. Nxc3 {[%emt 0:01:52]} b4 {[%emt 0:00:05]} 22. Nd1 {[%emt 0:07:09]} b3 {[%emt 0:05:41]} 23. c3 {[%emt 0:00:33]} Ra2 {[%emt 0:14:09]} 24. h4 {[%emt 0:03:33]} h5 {[%emt 0:03:20]} 25. g4 {[%emt 0:02:18]} hxg4 {[%emt 0:00:19]} 26. Qxg4 {[%emt 0:00:10]} Kg7 {[%emt 0:02:57]} 27. Re2 {[%emt 0:12:51]} Rh8 {[%emt 0:01:39]} 28. Rh2 {[%emt 0:00:32]} Nf6 {[%emt 0:07:27]} 29. Qf3 {[%emt 0:00:31]} Rh5 {[%emt 0:00:51]} 30. Rg1 {[%emt 0:01:39]} Kf8 {[%emt 0:00:07]} 31. Ne3 {[%emt 0:04:48] [#]} Qc8 $2 {[%emt 0:02:11]} (31... Qa7 $1 $17 {hält den Druck.} 32. f5 Ra1 33. fxg6 Rxg1+ 34. Kxg1 Re5) 32. f5 {[%emt 0:06:00]} gxf5 {[%emt 0:00:12]} 33. Nxf5 {[%emt 0:00:15]} Rh7 {[%emt 0:00:59]} 34. Nxd6 {[%emt 0:05:47]} Qc7 {[%emt 0:00:08]} 35. e5 Nxd5 36. Qxd5 {[%emt 0:04:03]} exd6 {[%emt 0:00:27]} 37. exd6 {[%emt 0:03:00]} Qa5 {[%emt 0:00:09]} 38. Rd1 {[%emt 0:03:47]} Qxd5+ {[%emt 0:00:37]} 39. Rxd5 {[%emt 0:00:01]} Ra1+ {[%emt 0:01:14]} 40. Kg2 {[%emt 0:00:00]} Ke8 {[%emt 0:00:33]} 41. d7+ {[%emt 0:01:58]} Kd8 {[%emt 0:00:03]} 42. Kf3 {[%emt 0:00:27]} Ra7 {[%emt 0:03:39]} 43. Ke4 {[%emt 0:00:47]} Rh6 {[%emt 0:04:06]} 44. Kd4 {[%emt 0:00:24]} Rc7 {[%emt 0:00:21]} 45. h5 {[%emt 0:00:21]} f5 {[%emt 0:01:58]} 46. Rxf5 {[%emt 0:00:19]} Rcc6 {[%emt 0:05:47]} 47. Rd5 $18 {[%emt 0:00:33]} Rhf6 {[%emt 0:00:12]} 48. Re2 {[%emt 0:00:17]} Rf4+ {[%emt 0:00:28]} 49. Re4 {[%emt 0:00:09]} Rf8 {[%emt 0:00:22]} 50. Re8+ {[%emt 0:00:06]} Rxe8 {[%emt 0:00:08]} 51. dxe8=Q+ {[%emt 0:00:10]} Kxe8 {[%emt 0:00:03]} 52. Rc5 {[%emt 0:00:03]} Rb6 {[%emt 0:02:25]} 53. Kxc4 {[%emt 0:00:13]} Kd7 {[%emt 0:00:21]} 54. Rb5 {[%emt 0:00:06]} Rf6 {[%emt 0:00:30]} 55. Kxb3 {[%emt 0:00:05]} Kc6 {[%emt 0:00:05]} 56. Rg5 {[%emt 0:00:05]} Kd7 {[%emt 0:00:17]} 57. Rg6 {[%emt 0:00:10]} Rf4 {[%emt 0:00:38]} 58. h6 {[%emt 0:00:06]} Rh4 {[%emt 0:00:03]} 59. Rg7+ {[%emt 0:00:05]} Ke6 {[%emt 0:00:32]} 60. h7 {[%emt 0:00:08]} Kd5 1-0

[Event "ROU-ch Men 2018"]
[Site "Olanesti"]
[Date "2018.05.21"]
[Round "8"]
[White "Farcadi, Hunor"]
[Black "Horvat, Dan-Sebastian"]
[Result "0-1"]
[WhiteElo "1959"]
[BlackElo "2152"]
[Annotator "NA RC"]
[PlyCount "94"]
[EventDate "2018.??.??"]
[EventType "swiss"]
[EventCountry "ROU"]
[SourceTitle "playchess.com"]
[Source "ChessBase"]
[SourceQuality "1"]
[TimeControl "40/5400+30:1800+30"]

1. e4 {[%emt 0:00:00]} e5 {[%emt 0:06:24]} 2. Nf3 {[%emt 0:00:00]} Nc6 {[%emt 0:00:05]} 3. Nc3 {[%emt 0:00:00]} Nf6 {[%emt 0:02:00]} 4. a3 {[%emt 0:00:00]} Be7 {[%emt 0:03:56]} 5. d4 {[%emt 0:00:25]} d6 {[%emt 0:01:04] C47: Schottisches Vierspringerspiel} (5... exd4 6. Nxd4 d6 7. Bc4 O-O 8. O-O Nxd4 9. Qxd4 Nd7 10. Nd5 Bf6 11. Nxf6+ Qxf6 12. Be3 Re8 13. Rae1 Ne5 14. Be2 Qg6 15. Bf4 Qf6 16. Be3 Qg6 17. Bf4 Qf6 {½-½ (17) Safarli,E (2639)-Kravtsiv,M (2672) Riadh 2017}) 6. Bc4 {[%emt 0:01:27]} O-O {[%emt 0:00:22]} 7. h3 {[%emt 0:03:36]} Nxe4 {[%emt 0:17:17]} 8. Nxe4 {[%emt 0:05:22]} d5 {[%emt 0:00:35]} 9. Bxd5 {[%emt 0:02:35]} Qxd5 {[%emt 0:00:09]} 10. Nc3 {[%emt 0:00:04]} Qd6 $146 {[%emt 0:00:15]} ({Vorgänger:} 10... Qc4 11. d5 e4 12. Nd2 Qa6 13. dxc6 {1-0 (44) Starostits,I (2511)-Martinkus,R (2257) Lithuania 2007}) 11. d5 {[%emt 0:01:27]} Nd4 {[%emt 0:00:47]} 12. Nxd4 {[%emt 0:02:15]} exd4 {[%emt 0:00:08]} 13. Qxd4 {[%emt 0:00:10]} Qg6 {[%emt 0:01:13]} 14. Bf4 {[%emt 0:07:52]} Bf6 {[%emt 0:01:17]} 15. Qd2 {[%emt 0:03:22]} Re8+ {[%emt 0:03:19]} 16. Be3 {[%emt 0:01:29]} Qxg2 {[%emt 0:18:20]} 17. O-O-O {[%emt 0:00:13]} Qf3 {[%emt 0:00:44]} 18. Bd4 {[%emt 0:09:20]} Bxd4 {[%emt 0:01:44]} 19. Qxd4 {[%emt 0:00:07]} Bf5 {[%emt 0:00:29]} 20. Rhg1 {[%emt 0:02:32]} Bg6 {[%emt 0:00:16]} 21. h4 {[%emt 0:03:53]} Qf5 {[%emt 0:08:47]} 22. Qd2 {[%emt 0:05:03]} f6 {[%emt 0:03:39]} 23. Rde1 {[%emt 0:08:40]} a6 {[%emt 0:07:38]} 24. Nd1 {[%emt 0:03:35]} Rxe1 {[%emt 0:05:09]} 25. Rxe1 {[%emt 0:00:33]} Rd8 {[%emt 0:00:09]} 26. Ne3 {[%emt 0:00:30]} Qf4 {[%emt 0:00:41]} 27. Rf1 {[%emt 0:07:01]} Qxh4 {[%emt 0:04:15]} 28. Qc3 {[%emt 0:01:29]} Qf4 {[%emt 0:00:29]} 29. Qb3 {[%emt 0:00:40]} b5 {[%emt 0:02:12]} 30. d6+ {[%emt 0:03:30]} Bf7 {[%emt 0:00:09]} 31. dxc7 {[%emt 0:00:09]} Qxc7 {[%emt 0:00:06]} 32. Qb4 {[%emt 0:00:12]} h5 {[%emt 0:03:59]} 33. Qe4 {[%emt 0:05:33]} Re8 {[%emt 0:01:09]} 34. Qf3 {[%emt 0:02:13]} Bg6 {[%emt 0:05:30]} 35. Qg2 {[%emt 0:04:21]} Be4 {[%emt 0:01:41]} 36. Qh3 {[%emt 0:00:25]} Qc5 {[%emt 0:01:01]} 37. Rg1 {[%emt 0:01:11]} Kf8 {[%emt 0:00:19]} 38. Rd1 {[%emt 0:04:31]} Bg6 {[%emt 0:00:04]} 39. Rd2 {[%emt 0:01:03]} Qg5 {[%emt 0:00:27]} 40. Qd7 {[%emt 0:00:00]} Qe5 {[%emt 0:01:56]} 41. Qb7 {[%emt 0:08:26]} Be4 $19 {[%emt 0:15:14]} 42. Qxa6 {[%emt 0:02:31]} h4 {[%emt 0:00:08]} 43. Qd6+ {[%emt 0:04:16]} Qxd6 {[%emt 0:00:46]} 44. Rxd6 {[%emt 0:00:05]} h3 {[%emt 0:00:19]} 45. Ng4 {[%emt 0:03:46]} Bf3 {[%emt 0:01:17]} 46. Nh2 {[%emt 0:00:09]} Re1+ {[%emt 0:00:10]} 47. Kd2 {[%emt 0:00:05]} Rd1+ {[%emt 0:00:05]} 0-1